[Event "Canadian op 48th U2000"]
[Site "Toronto"]
[Date "2011.07.16"]
[Round "8"]
[White "Bergeron, Florian"]
[Black "Zator, Ed"]
[Result "0-1"]
[WhiteElo "1728"]
[BlackElo "1902"]
[PlyCount "102"]
[EventDate "2011.07.09"]
[EventType "swiss"]
[EventRounds "9"]
[EventCountry "CAN"]
[SourceTitle "EXT 2022"]
[Source "ChessBase"]
[SourceDate "2021.10.06"]
[SourceVersion "1"]
[SourceVersionDate "2021.10.06"]
[SourceQuality "1"]

1. d4 f5 2. c4 Nf6 3. g3 e6 4. Bg2 d5 5. cxd5 exd5 6. Nc3 c6 7. Nh3 Be7 8. 0-0 0-0 9. f3 h6 10. Nf2 b6 11. e4 fxe4 12. fxe4 Ba6 13. Re1 dxe4 14. Nfxe4 Bb7 15. Be3 Nbd7 16. Rc1 Rc8 17. Kh1 Nxe4 18. Nxe4 Nf6 19. h3 Nd5 20. Bg1 Qd7 21. a3 Rcd8 22. Kh2 Rf5 23. h4 Rdf8 24. Bh3 Bc8 25. Kh1 Qc7 26. Bxf5 Bxf5 27. Bh2 Qd7 28. Kg1 Bg4 29. Qd2 Bf3 30. Nc3 Bxh4 31. Nxd5 cxd5 32. Rc3 Bg5 33. Qc2 Qg4 34. Rf1 Qxd4+ 35. Qf2 Qxf2+ 36. Rxf2 Bh5 37. Rxf8+ Kxf8 38. Rc8+ Be8 39. Kf1 a5 40. a4 Ke7 41. b3 d4 42. Bg1 d3 43. Rxe8+ Kxe8 44. Ke1 d2+ 45. Kd1 Be7 46. Kxd2 Bc5 47. Bxc5 bxc5 48. Kd3 Kd7 49. Ke4 Ke6 50. Kf4 g6 51. Ke4 Kd6 0-1

[Event "Canadian op 48th U2000"]
[Site "Toronto"]
[Date "2011.07.15"]
[Round "7"]
[White "Zator, Ed"]
[Black "Solis, Jaime"]
[Result "0-1"]
[WhiteElo "1902"]
[BlackElo "1717"]
[PlyCount "162"]
[EventDate "2011.07.09"]
[EventType "swiss"]
[EventRounds "9"]
[EventCountry "CAN"]
[SourceTitle "EXT 2022"]
[Source "ChessBase"]
[SourceDate "2021.10.06"]
[SourceVersion "1"]
[SourceVersionDate "2021.10.06"]
[SourceQuality "1"]

1. e4 e5 2. Nf3 Nc6 3. Bb5 a6 4. Ba4 Nf6 5. 0-0 Be7 6. Re1 b5 7. Bb3 d6 8. c3 0-0 9. h3 Na5 10. Bc2 c5 11. d4 Nc6 12. d5 Nb8 13. Nbd2 Nbd7 14. Nf1 Re8 15. a4 Bb7 16. b3 Nb6 17. a5 Nbd7 18. g4 Nf8 19. Ng3 h6 20. Nf5 N6h7 21. Kh2 Bc8 22. Rg1 Ng6 23. Bd3 Rb8 24. c4 b4 25. Nxe7+ Qxe7 26. g5 Qd7 27. Bf1 h5 28. h4 Ngf8 29. Rg3 Qe7 30. Ng1 g6 31. Bg2 Nd7 32. Bf3 Ndf8 33. Be3 Kh8 34. Nh3 Rb7 35. Qe2 Rd8 36. Re1 Qc7 37. Qa2 Qe7 38. Ra1 Qc7 39. Bc1 Qe7 40. Qd2 Qc7 41. Be2 Kg8 42. Bb2 Qe7 43. Qd1 Rc7 44. Bxh5 gxh5 45. Qxh5 Bxh3 46. Kxh3 Ng6 47. Bc1 Nhf8 48. Kh2 Nf4 49. Qg4 Qd7 50. Qf3 Qe7 51. h5 Kh8 52. Bb2 Kg8 53. Rag1 Qe8 54. Rh1 Rdd7 55. Kg1 Ra7 56. Rg4 Re7 57. Rxf4 exf4 58. Qxf4 Re5 59. Kf1 Qe7 60. g6 fxg6 61. Qh6 Qg5 62. hxg6 Qxh6 63. Rxh6 Kg7 64. Rh4 Nxg6 65. Rg4 Kf7 66. Bxe5 Nxe5 67. Rh4 Kg7 68. Ke2 Rb7 69. f4 Ng6 70. Rg4 Kf6 71. Ke3 Rh7 72. Rg3 Rh1 73. f5 Ne5 74. Rg8 Rh3+ 75. Ke2 Rxb3 76. Ra8 Nxc4 77. Rxa6 Ra3 78. Ra8 Rxa5 79. Re8 Ra3 80. Re6+ Kf7 81. e5 Re3+ 0-1

[Event "Toronto-ch Reserves"]
[Site "Toronto"]
[Date "2010.02.09"]
[Round "3"]
[White "Armstrong, Robert J"]
[Black "Zator, Ed"]
[Result "1-0"]
[WhiteElo "1746"]
[BlackElo "1911"]
[PlyCount "61"]
[EventDate "2010.01.26"]
[EventType "tourn"]
[EventRounds "7"]
[EventCountry "CAN"]
[SourceTitle "EXT 2011"]
[Source "ChessBase"]
[SourceDate "2010.11.26"]
[SourceVersion "1"]
[SourceVersionDate "2010.11.26"]
[SourceQuality "1"]

1. d4 Nf6 2. c4 e6 3. Nf3 b6 4. e3 Bb7 5. Bd3 d5 6. 0-0 Bd6 7. Nc3 0-0 8. b3 Nbd7 9. Bb2 a6 10. Qc2 c5 11. e4 cxd4 12. Nxd4 dxc4 13. bxc4 Nc5 14. Rad1 Ng4 15. Nf3 Qc7 16. e5 Bxe5 17. Bxh7+ Kh8 18. Be4 Bxh2+ 19. Kh1 f5 20. Bxb7 Qxb7 21. Nxh2 Rf6 22. Nxg4 fxg4 23. Bc1 Rf5 24. Ne2 Rh5+ 25. Kg1 Qf7 26. Ng3 Rh7 27. Rd4 Nd7 28. Rfd1 Nf6 29. Rd8+ Rxd8 30. Rxd8+ Ne8 31. Qe4 1-0

[Event "Toronto-ch Reserves"]
[Site "Toronto"]
[Date "2010.02.02"]
[Round "2"]
[White "Zator, Ed"]
[Black "Plotkin, Mark"]
[Result "0-1"]
[WhiteElo "1911"]
[BlackElo "1770"]
[PlyCount "80"]
[EventDate "2010.01.26"]
[EventType "tourn"]
[EventRounds "7"]
[EventCountry "CAN"]
[SourceTitle "EXT 2022"]
[Source "ChessBase"]
[SourceDate "2021.10.06"]
[SourceVersion "1"]
[SourceVersionDate "2021.10.06"]
[SourceQuality "1"]

1. e4 e5 2. Nf3 Nf6 3. Nc3 Nc6 4. Bc4 Nxe4 5. Bxf7+ Kxf7 6. Nxe4 d5 7. Neg5+ Kg8 8. d3 h6 9. Nh3 Bg4 10. c3 Qf6 11. 0-0 Rd8 12. Qe2 g5 13. Kh1 Re8 14. Nhg1 e4 15. dxe4 dxe4 16. Qc4+ Be6 17. Qxe4 Kf7 18. Be3 Bxa2 19. Qc2 Bd5 20. Nd4 a6 21. Nxc6 Qxc6 22. Qf5+ Kg8 23. Nf3 Rh7 24. Rad1 Be4 25. Qh3 Rg7 26. Nd4 Qg6 27. f3 Bd3 28. Rfe1 c5 29. Rxd3 Qxd3 30. Nf5 Rg6 31. g4 Rge6 32. Qh5 Bg7 33. Rg1 Qd5 34. Kg2 Rxe3 35. Rf1 Re2+ 36. Kh3 Qf7 37. Qxf7+ Kxf7 38. Nd6+ Kg6 39. Nxe8 Rxe8 40. Rd1 Re6 0-1